Представление документа в формате RUSMARC

ПолеНазваниеЗначение
  Тип записи a
  Библиографический уровень m
001 Контрольный номер RU/SLIB/B/208713315
005 Дата корректировки 20201206203919.5
010 Индекс ISBN __
a ISBN 5-93020-081-5
d Цена 134-05
101 Язык документа __
a Язык текста rus
c Язык оригинала rus
200 Заглавие и сведения об ответственности 1_
a Заглавие Ханты-Мансийск: 1637-1999 гг.
e Сведения, относящиеся к заглавию город в лицах, датах и фактах : библиогр. указ.
f Первые сведения об ответственности отв. за вып. Э. П. Сургутскова
b Общее обозначение материала Текст
210 Выходные данные __
a Место издания Тюмень
c Издательство Ю. Мандрика
d Дата издания 2000
215 Физическое описание __
a Объем 480 с.
330 Аннотация __
a Аннотация Первое библиографическое пособие, посвященное столице Ханты-Мансийского автономного округа. Пособие отличается детально разработанной структурой. В конце каждого раздела есть рубрика "Город и люди", герои которой - почетные граждане, участники Великой Отечественной войны, руководители исполнительной власти и другие.
606 Тематические рубрики __
a Основная рубрика Литература универсального содержания
606 Тематические рубрики __
a Основная рубрика Библиографические пособия
606 Тематические рубрики __
a Основная рубрика География
z Хронологическая подрубрика 1637-1999 гг.; 17 в.; 18 в.; 19 в.; 20 в.
y Географическая подрубрика Россия; Тюменская область; ХМАО; Ханты-Мансийский автономный округ
606 Тематические рубрики __
a Основная рубрика Краеведение
610 Ключевые слова __
a Ключевые слова пожарная охрана; школы; библиография; библиотечная деятельность; история края; административное право; общественные организации; военное дело; природопользование; экология; экономика; медицина; спорт; наука; образование; культура; музейное дело; литература; архитектура; религии; памятники; средства массовой информации; суды; страхование; метеорология; общественное движение; искусство; радио; здравоохранение; библиотечная работа; социальная работа; социальная сфера; горожане; налоговые органы; страховые компании; политическая власть; политическая жизнь; природные условия; природа; здоровый образ жизни; спортивные общества; спортивные школы; научные работы; научная деятельность; дошкольное образование; культурно-досуговая деятельность; учреждения культуры; верования; религиозные обряды; архивы; архитектурные памятники; школьная система; газеты; телевизионное вещание; среднее образование; церкви; политики; политическая власть; политическая жизнь; высшее образование; банки; метеостанции; метеорологи
686 Индексы других классификаций __
a Классификационный индекс 91.9:2
686 Индексы других классификаций __
a Классификационный индекс 26.89(2-2Ханты-Мансийск)я1 ; ст91.9:2 + ст26.89(2-2Ханты-Мансийск)я1
702 Вторичная интеллектуальная ответственность _1
a Фамилия Сургутскова
b Имя Э. П.
4 Код отношения Ответственный за выпуск
4 Код отношения 570
801 Источник записи _0
a Страна RU
b Организация Муниципальное бюджетное учреждение культуры "Централизованная библиотечная система" г. Сургут (Центральная городская библиотека им. А. С. Пушкина)
g Правила каталогизации КиК/Поспелова
801 Источник записи _1
a Страна RU
b Организация Муниципальное бюджетное учреждение культуры "Централизованная библиотечная система" г. Сургут (Центральная городская библиотека им. А. С. Пушкина)
g Правила каталогизации КиК/Поспелова
852 Данные о местонахождении __
j Шифр хранения 91.9:2
i Авторский знак Х 19
901 Тип документа __
t Тип документа m
903 Характеристики (МАРС) __
a Дата передачи 20010719
969 Тип издания __
a Тип издания указатель
990 Данные о заказе (DOS) __
j Количество экземпляров (DOS) 16
t N записи в КСУ для И/У (DOS) 200107